All Nations to Attend the BRICS Summit 2024 - Statistics

General Stats
  • This quiz has been taken 46 times
  • The average score is 28 of 38
Answer Stats
Position Answer % Correct
President China
100%
Prime Minister India
100%
President Iran
100%
President Russia
100%
Foreign Minister Brazil
97%
President United Arab Emirates
97%
President Egypt
91%
Foreign Minister Saudi Arabia
91%
President South Africa
91%
Minister of Foreign Affairs Indonesia
88%
President Kazakhstan
85%
Minister of Foreign Affairs Thailand
85%
President Turkey
85%
President Uzbekistan
85%
Prime Minister Vietnam
85%
Prime Minister Armenia
82%
President Azerbaijan
82%
President Turkmenistan
82%
President Belarus
79%
Prime Minister Ethiopia
79%
President Kyrgyzstan
79%
President Laos
79%
President Tajikistan
79%
President Venezuela
79%
Foreign Minister Bahrain
74%
Foreign Secretary Bangladesh
74%
Foreign Minister Cuba
74%
Minister of Economy Malaysia
74%
Foreign Secretary Sri Lanka
71%
Head of the Presidential Administration Mongolia
62%
President Rep. of Congo
59%
Deputy Prime Minister Serbia
59%
President Bolivia
53%
Minister of Foreign Affairs Nicaragua
41%
President Mauritania
32%
President Palestine
21%
Secretary General United Nations
6%
President Republika Srpska
3%
No matching quizzes found
Score Distribution
Percent of People with Each Score
Percentile by Number Answered
Your Score History
You have not taken this quiz